000 00468nmm a2200157Ia 4500
008 251105s9999||||xx |||||||||||||||||und||
020 _a8497884183
041 _aspa
100 _aSánchez Pérez, Manuel
245 0 _aCasos de marketing y estrategia
264 _a[Madrid, España] :
_bUniversitat Oberta de Catalunya,
_c2006
300 _a370 páginas
650 _aEconomics and Business
856 _uhttps://public.digitaliapublishing.com/a/961
942 _cCF
999 _c74274
_d74274